00725nas a22002177i 45000010005000000030004000050050017000090070003000260080041000290220014000700240014000840240020000980400008001182450111001262600012002378660020002498660122002699420006003919990015003979520095004125777OSt20170126082349.0tu161220s xxu||||| |||| 00| 0 d a0234-45057 a57772RID7 a57772RSN (alt) cOSt00aMezdunarodnyi ZurnalbProblemy Teorii i Praktiki Uprawlenija (Probleme der Theorie und Praxis der Leitung) aMoskau. 0u2002/1 - 2005/6 0uBestände unvollständig

vorhanden:
2002/1-5
2003/1-6
2004/1-

fehlende Bestände:
2002/6 cJ c5514d5514 00104070aBIBbBIBc1d2004-08-04i5777l0p10001028r2017-01-26 00:00:00w2017-01-26yJ